LIBRARY & INFORMATION CENTRE, KCAET, TAVANUR

ONLINE PUBLIC ACCESS CATALOGUE (OPAC)

First essay on population (Record no. 17575)

MARC details
000 -LEADER
fixed length control field 00282nam a22001217a 4500
003 - CONTROL NUMBER IDENTIFIER
control field OSt
008 - FIXED-LENGTH DATA ELEMENTS--GENERAL INFORMATION
fixed length control field 221105b |||||||| |||| 00| 0 eng d
041 ## - LANGUAGE CODE
Language code of text/sound track or separate title eng
082 ## - DEWEY DECIMAL CLASSIFICATION NUMBER
Classification number 330.153
Item number MAL/FI
100 ## - MAIN ENTRY--AUTHOR NAME
Personal name Malthus,Thomas Robert
245 ## - TITLE STATEMENT
Title First essay on population
942 ## - ADDED ENTRY ELEMENTS (KOHA)
Koha item type Books
Holdings
Withdrawn status Lost status Damaged status Home library Current library Shelving location Date acquired Full call number Accession Number Koha item type
Withdrawn     KAUAET Sanskrit University Old Collection 05/11/2022 330.153 MAL/FI 9756 Books
free website counter